| 000 | 00546nam a2200181Ia 4500 | ||
|---|---|---|---|
| 003 | GCL | ||
| 008 | 140319s9999 xx 000 0 eng d | ||
| 040 |
_aGCL / _cGCL |
||
| 082 | 0 | 4 |
_a892.7 _bV |
| 100 | 1 | _aDE VILLARD, UGO MONNERET | |
| 245 | 1 | 0 |
_aTESSUTI E RICAMI MESOPOTAMICI AL TEMPI DEGLI ABBSIDI E DEL SELGUQIDI / _cDE VILLARD, UGO MONNERET |
| 260 |
_a[S.N] : _bACCADEMIA NAZIONALE DEI LINCEI ، _c1955 |
||
| 300 | _a184 - 234 | ||
| 650 | 0 | 4 | _aحوادث المرور |
| 650 | 0 | 4 | _aABBASIDS DYNASTY |
| 650 | 0 | 4 | _aSELJUKS |
| 942 |
_2ddc _cBK |
||
| 999 |
_c12399 _d12399 |
||